00814nam a2200205 a 4500008004100000020001800041050001600059100002600075245011000101250001200211260004000223300001500263350001000278650002100288650003500309650001400344995010100358999001700459952013200476160426s2006 ||||||||||||||||| || u a9780787980665 aLB 2331 Bro aBrookfield, Stephen.D14aThe skillful teacher: on technique, trust, and responsiveness in the classroom cby Stephen D. Brookfield a2nd ed. aSan Francisco CAbJossey-Bassc2006 axx, 297p.  a40.00 0aCOLLEGE TEACHING aTEACHING METHODS AND MATERIALS aEDUCATION FCBU-MAIN LIBRARY (Kitwe)I40.00M1UAVAILABLEWMay 12, 2016ZMain Library Open Access Collection c57530d57530 00102lcc4070a001b001cMain Library Open Access Collectiond2022-11-30l0oLB 2331 Brop746455r2022-11-30w2022-11-30y002